000 01776nam0a2200349 i 4500
001 RU\NLR\bibl\2019408
005 20240921190541.0
010 _a9785991625197
_91000
021 _aRU
_b2013-19673
_91386
035 _a(NLR Aleph) 002007733
090 _a4438087
_c4438087
100 _a20130404d2013 u y0rusy50 ca
101 0 _arus
102 _aRU
105 _ay |||||||||
200 1 _aНаследственное право
_eучебник для магистров
_eдля студентов высших учебных заведений, обучающихся по юридическим направлениям и специальностям
_fМ.С. Абраменков, П.В. Чугунов
_gотв. ред. - д.ю.н., проф. В.А. Белов
210 _aМосква
_cЮрайт
_d2013
215 _a423 с.
_d21
225 1 _aМагистр
225 1 _aУчебно-методическое объединение рекомендует
225 1 _aГарант
_iИнформационно-правовое обеспечение
300 _aНа обороте тит. л. авт.: Абраменков М.С., к.ю.н., доц., Чугунов П.В., юрист
320 _aБиблиогр. в конце глав
606 1 _aНаследственное право
_jУчебники для высших учебных заведений
_yРоссийская Федерация
_92123470
_3RU\NLR\auth\661281975
686 _aХ623.8я73
700 1 _aАбраменков
_bМ. С.
_gМихаил Сергеевич
_4070
701 1 _aЧугунов
_bП. В.
_gПетр Валерьевич
_4070
801 0 _aRU
_bNLR
_c20130404
_gRCR
801 1 _aRU
_bNLR
_c20130404
942 _cBOOK
980 _aNBR